Measuring globalisation (E-Book) (Record no. 192834)
[ view plain ]
| 000 -LEADER | |
|---|---|
| fixed length control field | 00679 a2200229 4500 |
| 003 - CONTROL NUMBER IDENTIFIER | |
| control field | Nust |
| 005 - DATE AND TIME OF LATEST TRANSACTION | |
| control field | 20170207154045.0 |
| 010 ## - LIBRARY OF CONGRESS CONTROL NUMBER | |
| LC control number | 2008922736 |
| 020 ## - INTERNATIONAL STANDARD BOOK NUMBER | |
| International Standard Book Number | 978-0-387-74067-6 (hardcover : alk. paper) |
| 035 ## - SYSTEM CONTROL NUMBER | |
| System control number | 15173846 |
| 040 ## - CATALOGING SOURCE | |
| Transcribing agency | Nust |
| 082 04 - DEWEY DECIMAL CLASSIFICATION NUMBER | |
| Classification number | 330.9 |
| 100 1# - MAIN ENTRY--PERSONAL NAME | |
| Personal name | Axel Dreher, Noel Gaston, Pim Martens. |
| 245 10 - TITLE STATEMENT | |
| Title | Measuring globalisation (E-Book) |
| Remainder of title | gauging its consequences / |
| Statement of responsibility, etc. | Axel Dreher, Noel Gaston, Pim Martens. |
| 260 ## - PUBLICATION, DISTRIBUTION, ETC. | |
| Place of publication, distribution, etc. | New York : |
| Name of publisher, distributor, etc. | Springer, |
| Date of publication, distribution, etc. | 2008 |
| 300 ## - PHYSICAL DESCRIPTION | |
| Extent | xvi, 224 s. |
| 650 #7 - SUBJECT ADDED ENTRY--TOPICAL TERM | |
| Topical term or geographic name entry element | Globalisering |
| General subdivision | ekonomiska aspekter |
| 650 #7 - SUBJECT ADDED ENTRY--TOPICAL TERM | |
| Topical term or geographic name entry element | Globalisering |
| General subdivision | sociala aspekter |
| 651 ## - SUBJECT ADDED ENTRY--GEOGRAPHIC NAME | |
| Geographic name | (E-Book) |
| 700 1# - ADDED ENTRY--PERSONAL NAME | |
| Personal name | Gaston, Noel |
| 700 1# - ADDED ENTRY--PERSONAL NAME | |
| Personal name | Martens, Pim |
| 942 ## - ADDED ENTRY ELEMENTS (KOHA) | |
| Source of classification or shelving scheme | |
| Koha item type | Book |
| Withdrawn status | Lost status | Source of classification or shelving scheme | Damaged status | Not for loan | Collection code | Permanent Location | Current Location | Date acquired | Total Checkouts | Full call number | Barcode | Date last seen | Price effective from | Koha item type |
|---|---|---|---|---|---|---|---|---|---|---|---|---|---|---|
| Military College of Signals (MCS) | Military College of Signals (MCS) | 12/12/2016 | 330.9 DRE | MCSEB-2413 | 12/08/2016 | 12/12/2016 | Book |
